| 000 | 00500cam a22001217a 4500 | ||
|---|---|---|---|
| 008 | 180718b1970 xxu||||| |||| 00| 0 eng d | ||
| 082 | _aP065x5431 In2 65-66 | ||
| 245 |
_aEducational statistics district-wise 1965-66: Jammu and Kashmir _cby Ministry Of Educational & Youth Services |
||
| 260 |
_aNew Delhi _bMinistry Of Educational & Youth Services _c1970 |
||
| 300 | _aV6, 76p | ||
| 650 | _aEducation - Statistics - India - Jammu and Kashmir. | ||
| 700 | _aIndia. Ministry Of Educational & Youth Services | ||
| 999 |
_c414360 _d414360 |
||